| 000 | 00423nam a2200157 a 4500 | ||
|---|---|---|---|
| 005 | 20140414093850.0 | ||
| 008 | 130729s19uu xx uuu eng d | ||
| 020 | _a9780199139446 | ||
| 050 |
_aQA 37.2 _bAp649cd 2010 |
||
| 100 | _aAppleton, marguerite | ||
| 245 |
_aGCSE Maths : _bFor Edexcel / _cMarguerite Appelton. |
||
| 260 |
_aOxford : _bOxford Press, _c2010. |
||
| 942 | _cAVM | ||
| 999 |
_c109822 _d109822 |
||